[Event "34th Zalakaros Open 2015"]
[Site "Zalakaros HUN"]
[Date "2015.05.16"]
[Round "3.7"]
[White "Medvegy, Zoltan"]
[Black "Melkumyan, Hrant"]
[Result "1-0"]
[WhiteTitle "GM"]
[BlackTitle "GM"]
[WhiteElo "2535"]
[BlackElo "2654"]
[WhiteFideId "708402"]
[BlackFideId "13302485"]
[EventDate "2015.05.14"]
[EventType "swiss"]

1. d4 Nf6 2. c4 g6 3. Nc3 d5 4. cxd5 Nxd5 5. e4 Nxc3 6. bxc3 Bg7 7. Qa4+ Nd7 8.
Nf3 c5 9. Be3 O-O 10. Rc1 Qc7 11. Qb3 e6 12. Bd3 b6 13. O-O Bb7 14. Nd2 Rad8 15.
Rfd1 e5 16. d5 Nf6 17. f3 Ne8 18. a4 Nd6 19. a5 Rb8 20. axb6 axb6 21. Nc4 Nxc4
22. Bxc4 Qd6 23. Ra1 Bc8 24. Rdb1 Rd8 25. Ba6 Bf6 26. Bb5 Qe7 27. Bc6 Bg5 28.
Bf2 Bf4 29. Qc4 Qg5 30. Qe2 Bh3 31. Qf1 Bd7 32. Bxd7 Rxd7 33. Ra6 Be3 34. g3 Rd6
35. Kg2 f5 36. Qe2 Bxf2 37. Qxf2 Rf6 38. h4 Qh5 39. exf5 Qxf5 40. Re1 Qd3 41.
Ra7 Qxc3 42. Re7 Rbf8 43. Re3 Qd4 44. R7xe5 b5 45. h5 c4 46. h6 b4 47. Re7 b3
48. Rg7+ Kh8 49. Ree7 Qxf2+ 50. Kxf2 Rxf3+ 51. Kg2 Rf2+ 52. Kh3 1-0

[Event "34th Zalakaros Open 2015"]
[Site "Zalakaros HUN"]
[Date "2015.05.16"]
[Round "3.8"]
[White "Horvath, Adam1"]
[Black "Adhiban, Baskaran"]
[Result "0-1"]
[WhiteTitle "GM"]
[BlackTitle "GM"]
[WhiteElo "2528"]
[BlackElo "2636"]
[WhiteFideId "708003"]
[BlackFideId "5018471"]
[EventDate "2015.05.14"]
[EventType "swiss"]

1. e4 c5 2. Nf3 d6 3. d4 cxd4 4. Nxd4 Nf6 5. Nc3 a6 6. Be3 e5 7. Nf3 Be7 8. Bc4
O-O 9. O-O Nc6 10. Qe2 Na5 11. Bb3 h6 12. Rfd1 Bd7 13. Nd5 Nxb3 14. Bb6 Qe8 15.
Nc7 Qc8 16. cxb3 Rb8 17. Rac1 Bc6 18. Nd5 Nxd5 19. exd5 Bb5 20. Qe4 Qe8 21. a4
f5 22. Qe1 Bd7 23. Bc7 Rc8 24. Qb4 e4 25. Nd4 Bg5 26. Rc2 Qh5 27. Re1 Bf4 28. g3
Be5 29. Ne6 Rf7 30. Qxb7 f4 31. Qxa6 e3 32. Qd3 Bxe6 33. Bxd6 Rxc2 34. Qxc2 fxg3 0-1

[Event "34th Zalakaros Open 2015"]
[Site "Zalakaros HUN"]
[Date "2015.05.16"]
[Round "3.9"]
[White "Banusz, Tamas"]
[Black "Antal, Gergely"]
[Result "1-0"]
[WhiteTitle "GM"]
[BlackTitle "GM"]
[WhiteElo "2590"]
[BlackElo "2511"]
[WhiteFideId "722413"]
[BlackFideId "717312"]
[EventDate "2015.05.14"]
[EventType "swiss"]

1. Nf3 g6 2. c4 Bg7 3. Nc3 c5 4. g3 Nc6 5. Bg2 e6 6. d3 Nge7 7. Bf4 e5 8. Bd2 d6
9. O-O O-O 10. a3 h6 11. Rb1 a5 12. Ne1 g5 13. Nc2 f5 14. b4 axb4 15. axb4 cxb4
16. Nxb4 f4 17. Ncd5 Ra7 18. Nxc6 Nxc6 19. Bc3 h5 20. Qd2 Kh8 21. Kh1 Be6 22.
gxf4 gxf4 23. Be4 Ne7 24. Nxe7 Qxe7 25. Rb6 Qc7 26. Rfb1 Bc8 27. Qb2 Rf7 28. Bd5
Re7 29. Rg1 Be6 30. Be4 h4 31. Qb4 Rd7 32. c5 Bf7 33. cxd6 Qd8 34. Qc5 Qf6 35.
Rxg7 Qxg7 36. Rb1 b6 37. Qb5 Rxd6 38. Bxe5 Rf6 39. Qb2 1-0

[Event "34th Zalakaros Open 2015"]
[Site "Zalakaros HUN"]
[Date "2015.05.16"]
[Round "3.10"]
[White "Schreiner, Peter"]
[Black "Burmakin, Vladimir"]
[Result "1/2-1/2"]
[WhiteTitle "IM"]
[BlackTitle "GM"]
[WhiteElo "2449"]
[BlackElo "2585"]
[WhiteFideId "1621645"]
[BlackFideId "4105109"]
[EventDate "2015.05.14"]
[EventType "swiss"]

1. d4 c6 2. c4 Nf6 3. Nc3 d5 4. Nf3 a6 5. c5 Bf5 6. Qb3 Ra7 7. Bf4 Nbd7 8. h3 e6
9. e3 Be7 10. Be2 O-O 11. O-O Ne4 12. Bh2 Re8 13. Rfc1 Bg6 14. Qd1 Bf6 15. Bd3
e5 16. Bxe4 dxe4 17. Nxe5 Bxe5 18. Bxe5 Nxe5 19. dxe5 Qg5 20. Qg4 Qxe5 21. Qf4
Bh5 22. Na4 Raa8 23. Nb6 Rad8 24. Qxe5 Rxe5 25. g4 Bg6 26. Rd1 Rde8 27. b4 h5
28. Rd7 hxg4 29. h4 Rh5 30. Kg2 Rxh4 31. Rxb7 Re5 32. Rh1 Rxh1 33. Kxh1 g3 34.
fxg3 Bh5 35. Rc7 Bf3+ 36. Kg1 Rh5 37. Rxc6 Rh1+ 38. Kf2 Rh2+ 39. Kf1 Rh1+ 40.
Kf2 Rh2+ 41. Kf1 1/2-1/2

[Event "34th Zalakaros Open 2015"]
[Site "Zalakaros HUN"]
[Date "2015.05.16"]
[Round "3.11"]
[White "Romanishin, Oleg M"]
[Black "Prohaszka, Peter2"]
[Result "1/2-1/2"]
[WhiteTitle "GM"]
[BlackTitle "GM"]
[WhiteElo "2466"]
[BlackElo "2582"]
[WhiteFideId "14100088"]
[BlackFideId "726265"]
[EventDate "2015.05.14"]
[EventType "swiss"]

1. Nf3 d5 2. g3 c6 3. Bg2 Bg4 4. c4 e6 5. Qb3 Qb6 6. d3 Nd7 7. Be3 Bc5 8. Bxc5
Nxc5 9. Qc3 Bxf3 10. Bxf3 Nf6 11. Nd2 O-O 12. O-O Rfe8 13. Rac1 Ncd7 14. d4 e5
15. dxe5 Nxe5 16. cxd5 Nxf3+ 17. Nxf3 Nxd5 18. Qc2 Rad8 19. Rfe1 1/2-1/2

[Event "34th Zalakaros Open 2015"]
[Site "Zalakaros HUN"]
[Date "2015.05.16"]
[Round "3.12"]
[White "Wagner, Dennis"]
[Black "Deac, Bogdan-Daniel"]
[Result "1/2-1/2"]
[WhiteTitle "IM"]
[BlackTitle "IM"]
[WhiteElo "2572"]
[BlackElo "2437"]
[WhiteFideId "24650684"]
[BlackFideId "1226380"]
[EventDate "2015.05.14"]
[EventType "swiss"]

1. d4 Nf6 2. c4 e6 3. Nf3 Bb4+ 4. Nbd2 d6 5. e3 c5 6. Bd3 O-O 7. O-O Ba5 8. Nb3
Bb6 9. dxc5 dxc5 10. e4 Nc6 11. e5 Nb4 12. Bb1 Qxd1 13. Rxd1 Nd7 14. Bf4 Bc7 15.
Be4 Rb8 16. Be3 b6 17. a3 Na6 18. Bf4 h6 19. Bc6 Rd8 20. h4 Nf8 21. Rxd8 Bxd8
22. Rd1 Bc7 23. h5 Bb7 24. Bxb7 Rxb7 25. g4 Nb8 26. Nbd2 Nc6 27. Ne4 Bb8 28. Nd6
Rd7 29. g5 hxg5 30. Nxg5 Bxd6 31. exd6 e5 32. Bh2 f6 33. Ne4 Nd4 34. b4 Nfe6 35.
Kg2 Nc2 36. bxc5 Nxc5 37. Nxc5 bxc5 38. Rd5 Nxa3 39. f4 exf4 40. Bxf4 Nxc4 41.
Rxc5 Nb6 42. Kf3 Kf7 43. Ke4 Ke6 44. Kd4 Rd8 45. Rc1 Nc8 46. Rc6 Nb6 47. Rc1 Nd7
48. Re1+ Ne5 49. Bxe5 fxe5+ 50. Rxe5+ Kxd6 51. Rg5 Ke6+ 52. Ke4 Kf7 53. Ra5 1/2-1/2

[Event "34th Zalakaros Open 2015"]
[Site "Zalakaros HUN"]
[Date "2015.05.16"]
[Round "3.13"]
[White "Torma, Robert"]
[Black "Donchenko, Alexander"]
[Result "1/2-1/2"]
[WhiteTitle "IM"]
[BlackTitle "IM"]
[WhiteElo "2440"]
[BlackElo "2570"]
[WhiteFideId "719030"]
[BlackFideId "24603295"]
[EventDate "2015.05.14"]
[EventType "swiss"]

1. d4 Nf6 2. c4 e6 3. Nc3 c5 4. d5 exd5 5. cxd5 d6 6. e4 g6 7. Bd3 Bg7 8. h3 O-O
9. Nf3 Nh5 10. O-O Nd7 11. Re1 a6 12. a4 Ne5 13. Be2 Nxf3+ 14. Bxf3 Qh4 15. a5
Bd7 16. Bg4 f5 17. exf5 Bxf5 18. Be3 Bxg4 19. Qxg4 Qxg4 20. hxg4 Nf4 21. Rad1 c4
22. Bxf4 Rxf4 23. Re7 Rf7 24. Re4 Bxc3 25. bxc3 Rc8 26. Rdd4 Rc5 27. Re8+ Kg7
28. Rd8 Rxa5 29. Rxd6 Ra1+ 30. Kh2 Rxf2 31. g5 Raa2 32. Rd7+ Rf7 33. Rxf7+ Kxf7
34. Rxc4 Rd2 35. Rc7+ Ke8 36. Rxb7 Rxd5 37. Rxh7 Rxg5 38. Ra7 a5 39. Kh3 Kd8 40.
Kh4 Rh5+ 41. Kg4 Rc5 42. Rg7 Rc6 43. Ra7 Rc5 44. Rg7 Rc4+ 45. Kg5 Rxc3 46. Ra7
Rg3+ 1/2-1/2

[Event "34th Zalakaros Open 2015"]
[Site "Zalakaros HUN"]
[Date "2015.05.16"]
[Round "3.14"]
[White "Ruck, Robert"]
[Black "Korpa, Bence"]
[Result "1-0"]
[WhiteTitle "GM"]
[BlackTitle "IM"]
[WhiteElo "2562"]
[BlackElo "2435"]
[WhiteFideId "705713"]
[BlackFideId "706671"]
[EventDate "2015.05.14"]
[EventType "swiss"]

1. c4 Nf6 2. Nc3 e6 3. Nf3 d5 4. d4 c5 5. cxd5 Nxd5 6. e4 Nxc3 7. bxc3 cxd4 8.
cxd4 Bb4+ 9. Bd2 Bxd2+ 10. Qxd2 O-O 11. Bc4 b6 12. O-O Bb7 13. Rfe1 Nd7 14. Rad1
Rc8 15. Bb3 Qf6 16. d5 Nc5 17. Nd4 e5 18. Nf5 Nxe4 19. Nh6+ Qxh6 20. Qxh6 gxh6
21. Rxe4 Rfd8 22. f4 Rc5 23. fxe5 Rdxd5 24. Bxd5 Bxd5 25. Ra4 a5 26. Rb1 Rc2 27.
Rxb6 h5 28. Rxa5 Rxg2+ 29. Kf1 Rd2 30. Ke1 Rd4 31. Rh6 h4 32. Rd6 Re4+ 33. Kf2
Be6 34. Rd1 h3 35. Rg1+ Kf8 36. Kf3 Rb4 37. Rf1 h5 38. Ke3 Kg7 39. Rf2 Rc4 40.
a3 Kg6 41. Ra8 Rc5 42. Kd4 Rc4+ 43. Kd3 Rc5 44. a4 Rxe5 45. a5 Bd5 46. Kd4 f6
47. Rf8 Bf7 48. Rxf6+ Kxf6 49. Rxf7+ Ke6 50. Re7+ Kxe7 51. Kxe5 Kd7 52. Ke4 1-0

[Event "34th Zalakaros Open 2015"]
[Site "Zalakaros HUN"]
[Date "2015.05.16"]
[Round "3.15"]
[White "Kreisl, Robert"]
[Black "Onischuk, Vladimir"]
[Result "1-0"]
[WhiteTitle "IM"]
[BlackTitle "GM"]
[WhiteElo "2420"]
[BlackElo "2669"]
[WhiteFideId "1613880"]
[BlackFideId "14114038"]
[EventDate "2015.05.14"]
[EventType "swiss"]

1. d4 d6 2. Nf3 g6 3. c4 Bg7 4. Nc3 Nf6 5. e4 O-O 6. Be2 Nbd7 7. O-O e5 8. d5
Nc5 9. Qc2 a5 10. Bg5 h6 11. Be3 Ng4 12. Bxc5 dxc5 13. h3 Nf6 14. Nxe5 Nxd5 15.
cxd5 Bxe5 16. f4 Bd4+ 17. Kh2 g5 18. Nb5 Bg7 19. Kh1 c6 20. dxc6 bxc6 21. Na3
Bd4 22. Nc4 Be6 23. Rad1 Qf6 24. e5 Qe7 25. f5 Bd5 26. f6 Qc7 27. Nd6 Rfe8 28.
Rxd4 cxd4 29. Qf5 Rxe5 30. Qxe5 Rd8 31. Bd3 Qxd6 32. Qf5 Kf8 33. Qh7 Ke8 34. Bf5
Qxf6 35. Bd7+ Ke7 36. Rxf6 Kxf6 37. Qxh6+ Ke7 38. Bf5 f6 39. Qh7+ Kd6 40. Qg7 1-0

[Event "34th Zalakaros Open 2015"]
[Site "Zalakaros HUN"]
[Date "2015.05.16"]
[Round "3.16"]
[White "Kovalenko, Igor"]
[Black "Mesaros, Florian"]
[Result "1-0"]
[WhiteTitle "GM"]
[BlackTitle "FM"]
[WhiteElo "2650"]
[BlackElo "2390"]
[WhiteFideId "14117908"]
[BlackFideId "1629220"]
[EventDate "2015.05.14"]
[EventType "swiss"]

1. d4 Nf6 2. Nf3 g6 3. Bg5 d5 4. e3 Bg7 5. Nbd2 O-O 6. Be2 c5 7. c3 cxd4 8. exd4
Nc6 9. O-O Bf5 10. Re1 Qd7 11. Nb3 Ne4 12. Be3 b6 13. Qc1 Rae8 14. Bh6 f6 15.
Nh4 e5 16. Nxf5 Qxf5 17. Be3 Kh8 18. Qd1 Qe6 19. Bb5 Rc8 20. Ba6 Rcd8 21. Bb5
Ne7 22. Be2 Nf5 23. Bg4 Nxe3 24. Bxe6 Nxd1 25. Rexd1 Ng5 26. Bg4 f5 27. Be2 e4
28. a4 f4 29. f3 a5 30. Nd2 e3 31. Nb1 h5 32. Na3 Bf6 33. Nb5 Rd7 34. Kf1 h4 35.
h3 Ne6 36. Bd3 Kh7 37. Rac1 Rc8 38. Ke1 Kh6 39. Rb1 Ng7 40. Bc2 Nf5 41. Bxf5
gxf5 42. b3 Rc6 43. Rb2 Be7 44. Ke2 Bf8 45. Kd3 Rg7 46. Re1 Rcg6 47. Ree2 Rc6
48. Rbc2 Rd7 49. c4 Bb4 50. cxd5 Rxc2 51. Rxc2 Rxd5 52. Rc8 Rd7 53. Rc6+ Kh5 54.
Rc7 Rd8 55. Rh7+ Kg6 56. Rc7 Rg8 57. Rc2 Rd8 58. Rc6+ Kh7 59. Rc4 Rg8 60. Rc2
Bd2 61. d5 Re8 62. Ke2 Rg8 63. d6 Rxg2+ 64. Kd3 Rg8 65. Rc7+ Kg6 66. d7 Rd8 67.
Nd4 1-0

[Event "34th Zalakaros Open 2015"]
[Site "Zalakaros HUN"]
[Date "2015.05.16"]
[Round "3.17"]
[White "Kovchan, Alexander"]
[Black "Kantor, Gergely"]
[Result "1-0"]
[WhiteTitle "GM"]
[BlackTitle "IM"]
[WhiteElo "2585"]
[BlackElo "2402"]
[WhiteFideId "14103052"]
[BlackFideId "751499"]
[EventDate "2015.05.14"]
[EventType "swiss"]

1. e4 e5 2. Nf3 Nc6 3. Nc3 Nf6 4. d4 exd4 5. Nxd4 Bb4 6. Nxc6 bxc6 7. Bd3 O-O 8.
O-O d5 9. exd5 cxd5 10. h3 c6 11. Qf3 Bd6 12. Bg5 Rb8 13. b3 Be6 14. Ne2 h6 15.
Bxf6 Qxf6 16. Qxf6 gxf6 17. Nd4 c5 18. Nf5 Be5 19. Rad1 Bxf5 20. Bxf5 Rfd8 21.
f4 Bd4+ 22. Kh2 Be3 23. Rf3 d4 24. Bd3 Kf8 25. Rdf1 Ke7 26. Rg3 Rg8 27. Rg4 Rxg4
28. hxg4 Kf8 29. Kg3 Re8 30. Rd1 Kg7 31. Kf3 Re7 32. g3 a5 33. a4 Re8 34. Bc4
Re7 35. Re1 Re8 36. Re2 Re7 37. Bd3 Re8 38. Rh2 Bc1 39. Be4 Ba3 40. Rh5 Re7 41.
Rd5 Bb4 42. Rd8 Bc3 43. Rd5 Bb4 44. Rh5 Ba3 45. g5 fxg5 46. fxg5 hxg5 47. Rxg5+
Kf6 48. Rf5+ Kg7 49. g4 Bb4 50. Rd5 Ba3 51. Kf4 Bb4 52. Kf5 f6 53. Kf4 Kf7 54.
Rd8 Re5 55. Rd7+ Ke6 56. Rc7 Kd6 57. Rc6+ Ke7 58. Kf3 Re6 59. Rc7+ Kd6 60. Rf7
Ke5 61. Bd3 Kd6 62. Kf4 Bd2+ 63. Kf5 Bg5 64. Ra7 Re5+ 65. Kg6 c4 66. Ra6+ Ke7
67. bxc4 Rc5 68. Bf5 Re5 69. Rc6 Re1 70. c5 Ra1 71. Rc7+ Ke8 72. Rh7 Bf4 73.
Kxf6 Kd8 74. Rd7+ Ke8 75. c6 Rh1 76. Bg6+ 1-0

[Event "34th Zalakaros Open 2015"]
[Site "Zalakaros HUN"]
[Date "2015.05.16"]
[Round "3.18"]
[White "Ekdyshman, Mikhail"]
[Black "Vajda, Levente"]
[Result "0-1"]
[WhiteTitle "IM"]
[BlackTitle "GM"]
[WhiteElo "2362"]
[BlackElo "2554"]
[WhiteFideId "4149416"]
[BlackFideId "1203975"]
[EventDate "2015.05.14"]
[EventType "swiss"]

1. Nf3 Nf6 2. c4 d6 3. Nc3 e5 4. d3 Be7 5. g3 O-O 6. Bg2 Nc6 7. O-O h6 8. Rb1
Be6 9. b4 Qd7 10. b5 Na5 11. c5 a6 12. cxd6 Bxd6 13. d4 exd4 14. Qxd4 axb5 15.
Rxb5 Be7 16. Bf4 Qc8 17. Qe5 Bd6 18. Qe3 Nc4 19. Qc1 Ba3 20. Qb1 Nd6 21. Bxd6
cxd6 22. Qa1 Bc5 23. Rd1 Bxf2+ 24. Kh1 Bc5 25. Rf1 0-1

[Event "34th Zalakaros Open 2015"]
[Site "Zalakaros HUN"]
[Date "2015.05.16"]
[Round "3.19"]
[White "Nomin-Erdene, Davaademberel"]
[Black "Horvath, Csaba"]
[Result "0-1"]
[WhiteTitle "WFM"]
[BlackTitle "GM"]
[WhiteElo "2337"]
[BlackElo "2549"]
[WhiteFideId "4900782"]
[BlackFideId "700118"]
[EventDate "2015.05.14"]
[EventType "swiss"]

1. e4 c5 2. Nf3 Nc6 3. d4 cxd4 4. Nxd4 Qb6 5. Nb3 Nf6 6. Nc3 e6 7. Qe2 d6 8. g4
a6 9. Bg2 Be7 10. Bd2 h6 11. h4 h5 12. g5 Ng4 13. f3 Nge5 14. f4 Ng4 15. Bf3 Qc7
16. Bxg4 hxg4 17. Qxg4 b5 18. h5 b4 19. Ne2 a5 20. Qf3 Bb7 21. c3 d5 22. exd5 a4
23. dxc6 Bxc6 24. Qh3 axb3 25. Rg1 Rxa2 26. Rc1 Rxb2 27. cxb4 Qb6 28. Qc3 Rxd2
29. Qxc6+ Qxc6 30. Rxc6 Bxb4 31. Rb6 Ba5 32. Ra6 Ra2+ 33. Kf2 Be1+ 34. Rxe1 Rxa6
35. Rb1 Rb6 36. Ke1 0-1

[Event "34th Zalakaros Open 2015"]
[Site "Zalakaros HUN"]
[Date "2015.05.16"]
[Round "3.21"]
[White "Warakomska, Anna"]
[Black "Gledura, Benjamin"]
[Result "0-1"]
[WhiteTitle "WFM"]
[BlackTitle "IM"]
[WhiteElo "2260"]
[BlackElo "2478"]
[WhiteFideId "1130790"]
[BlackFideId "712779"]
[EventDate "2015.05.14"]
[EventType "swiss"]

1. d4 Nf6 2. c4 g6 3. g3 Bg7 4. Nf3 d5 5. Bg2 O-O 6. cxd5 Nxd5 7. Nc3 Nb6 8. O-O
Nc6 9. e3 Re8 10. b3 e5 11. Nxe5 Nxe5 12. dxe5 Bxe5 13. Bb2 c6 14. Qc2 Qe7 15.
Rfd1 Bg4 16. Rd2 Rad8 17. Rxd8 Rxd8 18. h3 Bf5 19. e4 Be6 20. Rd1 Rxd1+ 21. Nxd1
Bxb2 22. Nxb2 Qf6 23. Qd2 h5 24. h4 Nd7 25. f4 Nc5 26. Nd1 Qe7 27. Ne3 Qd7 28.
Qc3 b6 29. e5 a5 30. Kh2 Qd3 31. Qxd3 Nxd3 32. Bxc6 Nb4 33. Bb5 Nxa2 34. Bc4 b5
35. Bxe6 fxe6 36. Nc2 a4 37. Nd4 Nb4 38. bxa4 bxa4 39. Nxe6 a3 40. Nd4 a2 41.
Nb3 Nc2 42. Kh3 Ne3 43. Na1 Kf7 44. Kh2 Ke6 45. Kg1 Kd5 46. Kf2 Nf5 47. Kf3 Nd4+
48. Ke3 Kc4 49. Ke4 Kc3 50. Kd5 Kb2 51. Kxd4 Kxa1 52. e6 Kb1 0-1

[Event "34th Zalakaros Open 2015"]
[Site "Zalakaros HUN"]
[Date "2015.05.16"]
[Round "3.22"]
[White "Grimm, Daniel"]
[Black "Czebe, Attila"]
[Result "0-1"]
[WhiteTitle "FM"]
[BlackTitle "GM"]
[WhiteElo "2255"]
[BlackElo "2474"]
[WhiteFideId "740080"]
[BlackFideId "705268"]
[EventDate "2015.05.14"]
[EventType "swiss"]

1. e4 g6 2. d4 Bg7 3. Nc3 a6 4. Be3 b5 5. Qd2 Bb7 6. f3 e6 7. Nh3 d5 8. exd5
exd5 9. O-O-O Nd7 10. Re1 Kf8 11. Bg5 Ngf6 12. Bh6 c5 13. dxc5 Nxc5 14. Ne2 Ne6
15. Nhf4 Qd6 16. Nd4 Re8 17. h4 Kg8 18. Bxg7 Kxg7 19. Nfxe6+ fxe6 20. h5 e5 21.
hxg6 hxg6 22. Rxh8 Rxh8 23. Nb3 Rh1 24. g4 d4 25. Qg2 Rh8 26. Qg3 Nd7 27. Bd3
Qf6 28. g5 Qxf3 29. Qg1 Rh1 30. Qxh1 Qg4 0-1

[Event "34th Zalakaros Open 2015"]
[Site "Zalakaros HUN"]
[Date "2015.05.16"]
[Round "3.23"]
[White "Laza, Szabolcs"]
[Black "Smith, Bryan G"]
[Result "0-1"]
[BlackTitle "GM"]
[WhiteElo "2176"]
[BlackElo "2467"]
[WhiteFideId "741345"]
[BlackFideId "2017083"]
[EventDate "2015.05.14"]
[EventType "swiss"]

1. d4 Nf6 2. c4 e6 3. Nf3 Bb4+ 4. Bd2 a5 5. g3 d6 6. Bg2 Nbd7 7. O-O e5 8. Bg5
exd4 9. Nxd4 O-O 10. a3 Bc5 11. Nc3 h6 12. Bxf6 Nxf6 13. Na4 Ba7 14. Nb5 Bb8 15.
c5 Qe8 16. Nbc3 dxc5 17. Nxc5 c6 18. Qc2 Qe5 19. N5e4 Nxe4 20. Qxe4 Bf5 21. Qxe5
Bxe5 22. Rad1 Rfd8 23. e4 Be6 24. Rxd8+ Rxd8 25. Rd1 Rxd1+ 26. Nxd1 Bb3 27. Nc3
b5 28. Bf3 b4 29. axb4 Bxc3 0-1

[Event "34th Zalakaros Open 2015"]
[Site "Zalakaros HUN"]
[Date "2015.05.16"]
[Round "3.24"]
[White "Mokal, Amruta Sunil"]
[Black "Meszaros, Tamas"]
[Result "1/2-1/2"]
[BlackTitle "IM"]
[WhiteElo "2130"]
[BlackElo "2421"]
[WhiteFideId "5016371"]
[BlackFideId "717410"]
[EventDate "2015.05.14"]
[EventType "swiss"]

1. e4 c5 2. Nf3 Nc6 3. d4 cxd4 4. Nxd4 e6 5. Nc3 Qc7 6. Be2 a6 7. O-O Nf6 8. Be3
Be7 9. a4 O-O 10. Nb3 b6 11. f4 d6 12. Bf3 Bb7 13. g4 Na5 14. g5 Nd7 15. Nd2
Rfe8 16. Bg2 Nc4 17. Nxc4 Qxc4 18. Qd3 Rac8 19. Qxc4 Rxc4 20. Rfd1 Rec8 21. Rd4
R4c7 22. Rd2 g6 23. Rad1 Nc5 24. h4 Bc6 25. Ra1 Be8 26. Bd4 b5 27. axb5 axb5 28.
b4 Nb7 29. Ra7 Nd8 30. Rxc7 Rxc7 31. Bf1 Rb7 32. Bf6 Kf8 33. e5 d5 34. Bxe7+
Kxe7 35. Kf2 Rc7 36. Ne2 Nc6 37. c3 Ra7 38. Nc1 d4 39. Ra2 dxc3 40. Rxa7+ Nxa7
41. Na2 Nc6 42. Nxc3 Nxb4 43. Bxb5 Bxb5 44. Nxb5 Nd5 45. Kf3 Kf8 46. Nd6 Ne7 47.
Ke4 1/2-1/2

[Event "34th Zalakaros Open 2015"]
[Site "Zalakaros HUN"]
[Date "2015.05.16"]
[Round "3.25"]
[White "Nemeth, Miklos1"]
[Black "Gara, Anita"]
[Result "1-0"]
[WhiteTitle "IM"]
[BlackTitle "IM"]
[WhiteElo "2478"]
[BlackElo "2325"]
[WhiteFideId "720232"]
[BlackFideId "709751"]
[EventDate "2015.05.14"]
[EventType "swiss"]

1. e4 c5 2. Nf3 Nc6 3. d4 cxd4 4. Nxd4 e5 5. Nb5 a6 6. N5c3 Bc5 7. Be2 Nge7 8.
Nd5 Nxd5 9. exd5 Nd4 10. Bd3 Qh4 11. O-O d6 12. c3 Bg4 13. Qd2 Nf5 14. b4 Ba7
15. Na3 O-O 16. Qg5 Rac8 17. c4 Qxg5 18. Bxg5 f6 19. Bd2 Nd4 20. Rfe1 Bf5 21.
Bf1 Rc7 22. Rac1 Rfc8 23. Be3 Kf8 24. Nb1 b5 25. Na3 Bd7 26. cxb5 axb5 27. Rxc7
Rxc7 28. Bxd4 Bxd4 29. Bxb5 Bb2 30. Bxd7 Bxa3 31. Bc6 Bxb4 32. Rb1 Bc5 33. a4
Ra7 34. Rb5 Ke7 35. a5 f5 36. Bb7 e4 37. Kf1 f4 38. a6 Kf6 39. Ke2 Ke5 40. f3 e3
41. Kd3 g5 42. Ra5 h5 43. Ra4 h4 44. Re4+ Kf6 45. Re6+ Kf7 46. Ke4 1-0

[Event "34th Zalakaros Open 2015"]
[Site "Zalakaros HUN"]
[Date "2015.05.16"]
[Round "3.26"]
[White "Varga, Zoltan"]
[Black "Gulamali, Kazim"]
[Result "1-0"]
[WhiteTitle "GM"]
[BlackTitle "FM"]
[WhiteElo "2473"]
[BlackElo "2309"]
[WhiteFideId "700509"]
[BlackFideId "2024764"]
[EventDate "2015.05.14"]
[EventType "swiss"]

1. e4 c5 2. Nf3 d6 3. d4 Nf6 4. Nc3 cxd4 5. Nxd4 a6 6. Be3 e5 7. Nf3 Qc7 8. h3
Nbd7 9. a4 b6 10. Bd3 Bb7 11. O-O Be7 12. Nh4 g6 13. Nf3 Nc5 14. Bg5 O-O 15. Re1
Ne6 16. Bxf6 Bxf6 17. Nd2 Nf4 18. Bf1 Bg7 19. Nc4 Rad8 20. Ne3 f5 21. g3 Ne6 22.
Bc4 Qf7 23. Ned5 f4 24. g4 Kh8 25. Nc7 Qxc7 26. Bxe6 Qe7 27. Bd5 Bc8 28. Qf3 Qh4
29. Kh2 g5 30. Rh1 Rf6 31. Kg2 h5 32. Rag1 Rdf8 33. Kf1 Rh6 34. Nb1 Rhf6 35. Nd2
b5 36. a5 Kh7 37. c4 Bd7 38. cxb5 Bxb5+ 39. Bc4 Bd7 40. Bxa6 Rb8 41. b3 d5 42.
exd5 Rxa6 43. Qe4+ Kh8 44. Nf3 Rxb3 45. Nxh4 gxh4 46. gxh5 Bb5+ 47. Kg2 Bd3 48.
Qa4 Rb2 49. Rc1 f3+ 50. Kg1 Ra8 51. Qxh4 Rg8 52. Kh2 e4 53. Rhg1 e3 54. h6 Be5+
55. Kh1 exf2 56. Rxg8+ Kxg8 57. Qg5+ 1-0

[Event "34th Zalakaros Open 2015"]
[Site "Zalakaros HUN"]
[Date "2015.05.16"]
[Round "3.27"]
[White "Sagar, Shah"]
[Black "Reznak, Attila"]
[Result "0-1"]
[WhiteTitle "IM"]
[WhiteElo "2436"]
[BlackElo "2304"]
[WhiteFideId "5022509"]
[BlackFideId "727407"]
[EventDate "2015.05.14"]
[EventType "swiss"]

1. d4 d5 2. c4 c6 3. Nf3 Nf6 4. Qb3 Qb6 5. Nc3 Nbd7 6. cxd5 Qxb3 7. axb3 Nxd5 8.
Bd2 N7f6 9. Ne5 Bf5 10. Nxd5 Nxd5 11. f3 Be6 12. Nc4 a6 13. e4 Nf6 14. Na5 Bc8
15. Bd3 e6 16. Ke2 Be7 17. Nc4 Nd7 18. b4 O-O 19. Ra2 f5 20. e5 Bd8 21. Nd6 Rb8
22. Rc1 Nb6 23. f4 Be7 24. b5 axb5 25. g3 Bd7 26. Ra7 Bxd6 27. exd6 Nc8 28. Ra3
Kf7 29. g4 fxg4 30. Bb4 Nb6 31. Rg1 Nd5 32. Bd2 Ra8 33. Rxa8 Rxa8 34. Rxg4 e5
35. f5 Nf6 36. Rh4 Re8 37. Kf3 exd4 38. Rxd4 Nd5 39. Kf2 Re5 40. f6 Nxf6 41. Bc2
Be6 42. Bc3 Rd5 43. Rf4 h6 44. h4 Rxd6 45. h5 Rd5 46. Bg6+ Ke7 47. Ke3 Bf7 48.
Rf1 Bxg6 49. hxg6 Rg5 50. Kd4 c5+ 0-1

[Event "34th Zalakaros Open 2015"]
[Site "Zalakaros HUN"]
[Date "2015.05.16"]
[Round "3.28"]
[White "Csonka, Balazs"]
[Black "Juhasz, Armin"]
[Result "1-0"]
[WhiteTitle "FM"]
[BlackTitle "FM"]
[WhiteElo "2433"]
[BlackElo "2303"]
[WhiteFideId "742910"]
[BlackFideId "724270"]
[EventDate "2015.05.14"]
[EventType "swiss"]

1. e4 g6 2. h4 Bg7 3. h5 d5 4. exd5 Qxd5 5. Nc3 Qd8 6. Bb5+ c6 7. Bc4 Nd7 8. Nf3
Nb6 9. Bb3 Nh6 10. d3 Qc7 11. Qe2 Bf5 12. Bxh6 Bxh6 13. Ne5 Bf4 14. Nxf7 O-O 15.
g4 Nd5 16. gxf5 Rxf7 17. hxg6 Rg7 18. Bxd5+ cxd5 19. Qe6+ Kh8 20. Nxd5 Qxc2 21.
Nxf4 Qxb2 22. O-O Rf8 23. Rac1 Qd2 24. Rc8 Rfg8 25. Rxg8+ Rxg8 26. Qxe7 1-0